Enchanted frontiers : (Record no. 26772)
[ view plain ]
| 000 -LEADER | |
|---|---|
| fixed length control field | 00979nam a2200265 4500 |
| 001 - CONTROL NUMBER | |
| control field | 26772 |
| 003 - CONTROL NUMBER IDENTIFIER | |
| rucl marc code | BD_RjUL |
| 005 - DATE AND TIME OF LATEST TRANSACTION | |
| control field | 20211209051051.0 |
| 008 - FIXED-LENGTH DATA ELEMENTS--GENERAL INFORMATION | |
| fixed length control field | 140323s19711919e ab 001 0aeng d |
| 035 ## - SYSTEM CONTROL NUMBER | |
| System control number | CURL 7m980070921724(LCo) from jbc003 |
| -- | (BD-RjUL)26843 |
| 040 ## - CATALOGING SOURCE | |
| Original cataloging agency | BD-RjUL |
| Language of cataloging | eng |
| Transcribing agency | BD-RjUL |
| Modifying agency | BD-RjUL |
| 041 ## - LANGUAGE CODE | |
| Language code of text/sound track or separate title | eng |
| 082 ## - DEWEY DECIMAL CLASSIFICATION NUMBER | |
| Classification number | 954.163 |
| Author mark and year | RUE 1971 |
| 100 1# - MAIN ENTRY--PERSONAL NAME | |
| Personal name | Rustomji, Nari, |
| Dates associated with a name | 1919- |
| 9 (RLIN) | 82281 |
| 245 10 - TITLE STATEMENT | |
| Title | Enchanted frontiers : |
| Remainder of title | Sikkim, Bhutan and India's north-eastern borderlands / |
| Statement of responsibility, etc. | Nari Rustomji. |
| 260 ## - PUBLICATION, DISTRIBUTION, ETC. (IMPRINT) | |
| Place of publication, distribution, etc. | Bombay ; |
| -- | London : |
| Name of publisher, distributor, etc. | Oxford University Press, |
| Date of publication, distribution, etc. | c1971. |
| 300 ## - PHYSICAL DESCRIPTION | |
| Pagination | viii, 333 p., [6] leaves of plates (2 fold.) : |
| Illustrations | ill. maps (part col.), ports. ; |
| Size | 23 cm. |
| 500 ## - GENERAL NOTE | |
| General note | Includes index. |
| 600 10 - SUBJECT ADDED ENTRY--PERSONAL NAME | |
| Personal name | Rustomji, Nari, |
| Dates associated with a name | 1919- |
| 650 ## - SUBJECT ADDED ENTRY--TOPICAL TERM | |
| Topical term or geographic name as entry element | Arunāchal Pradesh (India) History. |
| General subdivision | History. |
| 9 (RLIN) | 82283 |
| 651 #0 - SUBJECT ADDED ENTRY--GEOGRAPHIC NAME | |
| Geographic name | Himalaya Mountains Region |
| General subdivision | Description and travel. |
| 9 (RLIN) | 82284 |
| 942 ## - ADDED ENTRY ELEMENTS (KOHA) | |
| Source of classification or shelving scheme | Dewey Decimal Classification |
| Koha item type | Books |
| Lost status | Source of classification or shelving scheme | Damaged status | Not for loan | Collection code | Permanent Location | Current Location | Shelving location | Date acquired | Source of acquisition | Cost, normal purchase price | Total Checkouts | Full call number | Date last seen | Copy number | Koha item type |
|---|---|---|---|---|---|---|---|---|---|---|---|---|---|---|---|
| Dewey Decimal Classification | Added to bundle | Non-fiction | Central Library, University of Rajshahi | Central Library, University of Rajshahi | Reading Room | 21/06/1974 | India Govt. | 0.00 | 954.163 RUE 1971 | 23/03/2014 | C-1 | Books |